FIFA 20 - Spanish Player Names - Statistics

General Stats
  • This quiz has been taken 393 times
  • The average score is 18 of 24
Answer Stats
Surname Name % Correct
Roberto Sergi
97%
De Gea David
96%
Villa David
96%
Casillas Iker
96%
Alba Jordi
96%
Ramos Sergio
96%
Morata Alvaro
95%
Guardiola Pep
95%
Busquets Sergio
95%
Asensio Marco
90%
Piqué Gerard
89%
Carvajal Dani
87%
Silva David
87%
Bartra Marc
87%
Asenjo Sergio
86%
Alcântara Thiago
86%
Traoré Adama
85%
Costa Diego
85%
Fàbregas Cesc
84%
Navas Jesus
84%
Vázquez Lucas
83%
Iniesta Andres
82%
Puyol Carles
81%
Mata Juan
81%
Bernat Juan
79%
Reina Pepe
79%
Azpilicueta César
77%
Parejo Dani
77%
Cazorla Santi
75%
Hierro Fernando
71%
Alonso Marcos
71%
Williams Iñaki
70%
Muniain Iker
68%
Sarabia Pablo
67%
Albiol Raul
66%
Badia Gerard
65%
Ñíguez Saul
65%
Deulofeu Gerard
61%
Tello Cristian
54%
Fernández Nacho
52%
Alcácer Paco
52%
Callejón Jose
48%
Alberto Luis
41%
Butragueño Emilio
39%
Aduriz Aritz
29%
Soldado Roberto
28%
Astiz Iñaki
25%
Moreno Rodrigo
6%
Gómez Moi
3%
Angulo Igor
1%
No matching quizzes found
Score Distribution
Percent of People with Each Score
Percentile by Number Answered
Your Score History
You have not taken this quiz